Άσκήσις της γεωργίας - ανάπτυξις της γεωργίας εν Αιγύπτω, Βαβυλωνία, Χαλδαία, Παλαιστίνη, αρχαία Ελλάδι και αρχαία Ιταλία

Αποθηκεύτηκε σε:
Λεπτομέρειες βιβλιογραφικής εγγραφής
Κύριος συγγραφέας: Λέτσας, Αλέξανδρος
Μορφή: Βιβλίο
Γλώσσα:Greek
Δημοσίευση: Θεσσαλονίκη : [Τριανταφύλλου], 1957
Θέματα:
Ετικέτες: Προσθήκη ετικέτας
Δεν υπάρχουν, Καταχωρήστε ετικέτα πρώτοι!

MARC

LEADER 00000cam a2200000 i 4500
001 1/95135
008 081009s1957 gr | ||| |||| ||gre||
035 |l 10100743 
040 |a GR-MY-UA  |b gre  |e aacr 
041 0 |a gre 
082 0 |a 202.12  |2 (22) 
100 1 |a Λέτσας, Αλέξανδρος. 
245 1 0 |a Άσκήσις της γεωργίας - ανάπτυξις της γεωργίας εν Αιγύπτω, Βαβυλωνία, Χαλδαία, Παλαιστίνη, αρχαία Ελλάδι και αρχαία Ιταλία  |h [ανάτυπο] /  |c Αλεξάνδρου Ν. Λέτσα 
260 |a Θεσσαλονίκη :   |b [Τριανταφύλλου],   |c 1957 
300 |a 217 σ.;  |b σχέδια;  |c 27 εκ. 
500 |a Ανάτυπον εκ του ΙΙΙ τόμου της "Μυθολογίας της γεωργίας" 
504 |a Περιλαμβάνει βιβλιογραφίες 
650 0 0 |a Agriculture  |z Greece  |x History. 
650 0 0 |a Nature  |x Religious aspects. 
650 0 0 |a Plant spirits. 
650 0 0 |a Mythology, Greek. 
852 |a INST  |b RHODES  |c AKA  |e 20081009  |h  202.12 ΛΕΤ  |p 005400030928  |q 005400030928  |t BK  |y 0 
901 |a BIBL4-2008-3 
909 |a Ρ  |b 153216 
970 |a ΧΑΡΙΟΠΟΛΙΤΟΥ  |b ΚΩΝΣΤΑΝΤΙΝΑ  |z 2008/10/09